header

The philosophy of Hegel (Record no. 123849)

MARC details
000 -LEADER
fixed length control field 01683nam a2200397 a 4500
082 04 - DEWEY DECIMAL CLASSIFICATION NUMBER
Classification number 193
100 1# - MAIN ENTRY--AUTHOR NAME
Personal name Speight, Allen.
245 14 - TITLE STATEMENT
Title The philosophy of Hegel
260 ## - PUBLICATION, DISTRIBUTION, ETC. (IMPRINT)
Place of publication Stocksfield [U.k.] :
Name of publisher Acumen,
Year of publication c2008.
300 ## - PHYSICAL DESCRIPTION
Number of Pages viii, 166 p.
490 1# - SERIES STATEMENT
Series statement Continental European philosophy
505 0# - FORMATTED CONTENTS NOTE
Formatted contents note Introduction -- German idealism and the young Hegel -- The Phenomenology of spirit -- The Logic and Hegel's system -- Ethics and politics -- Hegel and the narrative task of history -- Art, aesthetics and literary theory -- Religion and philosophy -- Guide to further reading.
856 40 - ELECTRONIC LOCATION AND ACCESS
Uniform Resource Identifier http://site.ebrary.com/lib/rucke/Doc?id=10455610

No items available.

© 2026 Rongo University
Contact us: librarian | system librarian | Rongo university